Proč se obtěžovat s církví? /

Hlavní autor: Yancey, Philip D., 1949-
Jazyk: Čeština
Vydáno: Praha : Návrat domů, c2003
Vydání: 1. vyd.
Témata:
Externí odkaz: Digitalizovaný dokument
Fyzický popis: 94 s. ; 18 cm
Knihy
Uloženo v:
LEADER 02021nam a2200553 a 4500
001 000700969
003 CZ BrMZK
005 20061013065903.0
007 ta
008 031218s2003 xr e 000 0acze d
015 |a cnb001288048 
020 |a 80-7255-089-6 
035 |a (OCoLC)56870337 
040 |a OSA001  |b cze  |d BOA001 
041 1 |a cze  |h eng 
043 |a n-us--- 
072 7 |a 27  |x Křesťanství. Křesťanská církev všeobecně. Eklesiologie  |2 Konspekt  |9 5 
072 7 |a 929  |x Biografie  |2 Konspekt  |9 8 
080 |a 929  |2 MRF 
080 |a 070.4-051  |2 MRF 
080 |a 27-726.6  |2 MRF 
080 |a 274/278-72  |2 MRF 
080 |a 274/279-184.3  |2 MRF 
080 |a 27-4  |2 MRF 
080 |a 27-662:3  |2 MRF 
080 |a (73)  |2 MRF 
080 |a (0:82-94)  |2 MRF 
080 |a (0:82-4)  |2 MRF 
100 1 |a Yancey, Philip D.,  |d 1949-  |7 mzk2002156868  |4 aut 
245 1 0 |a Proč se obtěžovat s církví? /  |c Philip Yancey ; [překlad Alena Švecová] 
250 |a 1. vyd. 
260 |a Praha :  |b Návrat domů,  |c c2003 
300 |a 94 s. ;  |c 18 cm 
500 |a Překlad z angličtiny 
504 |a Obsahuje bibliografické odkazy 
600 1 7 |a Yancey, Philip D.,  |d 1949-  |7 mzk2002156868  |2 czenas 
650 0 7 |a publicisté  |7 ph124829  |z Spojené státy americké  |2 czenas 
650 0 7 |a křesťanští laici  |7 ph165793  |z Spojené státy americké  |2 czenas 
650 0 7 |a evangelická eklesiologie  |7 ph120038  |2 czenas 
650 0 7 |a evangelická víra  |7 ph120040  |2 czenas 
650 0 7 |a křesťanský život  |7 ph122132  |2 czenas 
650 0 7 |a křesťanství a společnost  |7 ph138510  |2 czenas 
655 7 |a autobiografické vzpomínky  |7 fd131854  |2 czenas 
655 7 |a úvahy  |7 fd134000  |2 czenas 
765 0 |t Church: why bother?  |9 Česky 
856 4 1 |u http://www.digitalniknihovna.cz/mzk/uuid/uuid:4f10a770-122c-11e4-8f64-005056827e52  |y Digitalizovaný dokument  |x NDK 
910 |a BOA001  |b 1-1127.031 
990 |a BK 
996 6 |b 2610208742  |c 1-1127.031  |l MZK  |r Sklad / do 1 hodiny  |n 2  |p p.v.  |w 000700969  |u 000010  |a 1  |e BOA001  |j MZK50  |s P